000 00961naa a2200205 4500
001 2162214035925079
003 UA-OsUOA
005 20240626102147.0
008 240626b un ||||| |||| 00| 0 ukr d
040 _aUA-OsUOA
_bukr
_cUA-OsUOA
_dUA-OsUOA
041 _aukr
080 _a908
090 _a908
100 _aТрубчаніков С. В.
_93422
245 _aПроблеми етнографії, історії та історичної географії Південної Волині у дослідженнях Леоніда Ланчевського
_cС. В. Трубчаніков
300 _aС. 297–298
650 _2UDC
773 0 _0573674
_9472530
_aСтарокостянтинівська міська рада
_dСтарокостянтинів Мельник А. А. 2019
_o167415
_tСтарокостянтинівщина та національно-визвольні змагання
_z9786177600502
942 _2udc
_cBKA
999 _c576647
_d576647